| 000 | 00835nam a2200217 4500 | ||
|---|---|---|---|
| 008 | 170714b xxu||||| |||| 00| 0 eng d | ||
| 020 | _a0-13-294687-4 | ||
| 082 |
_21996 _aDC 363.23 _bP32 |
||
| 100 |
_921265 _aPeak, Kenneth J., 1947- |
||
| 245 |
_aCommunity policing and problem solving : _bstrategies and practices / _cKenneth J. Peak, Ronald W. Glensor |
||
| 260 |
_aUpper Saddle River, NJ : _bPrentice Hall, _cc1996. |
||
| 300 |
_axxvi, 436 pages : _billustrations ; _c24 cm. |
||
| 500 | _aIncludes bibliographical references and index. | ||
| 650 | 0 |
_921266 _aCommunity policing |
|
| 650 | 0 |
_921267 _aPolice administration |
|
| 650 | 0 |
_921268 _aCommunity policing -- United States |
|
| 650 | 0 |
_921269 _aPolice administration -- United States |
|
| 700 |
_921270 _aGlensor, Ronald W |
||
| 365 |
_b2,288.00 _cPhp |
||
| 942 |
_2ddc _cDC |
||
| 999 |
_c7027 _d7027 |
||